[Event "FISU World University"]
[Site "Tornelo INT"]
[Date "2020.10.27"]
[Round "4.14"]
[White "Morante Rafael, Aritz"]
[Black "Cahen, Alexis"]
[Result "1-0"]
[WhiteElo "2161"]
[BlackElo "2131"]
[PlyCount "139"]
[EventDate "2020.10.26"]
[EventType "team-swiss (rapid)"]
[EventRounds "9"]
[EventCountry "NET"]
[SourceTitle "CBM 199 Extra"]
[Source "ChessBase"]
[SourceDate "2021.01.31"]
[SourceVersion "1"]
[SourceVersionDate "2021.01.31"]
[SourceQuality "1"]
[WhiteTeam "Spain III"]
[BlackTeam "France"]
[WhiteTeamCountry "ESP"]
[BlackTeamCountry "FRA"]

1. e4 c5 2. Nf3 d6 3. d4 cxd4 4. Nxd4 Nf6 5. f3 g6 6. c4 Nc6 7. Be3 Bg7 8. Nc3 0-0 9. Qd2 Nxd4 10. Bxd4 Be6 11. Be2 Nd7 12. Be3 Rc8 13. Nd5 Ne5 14. Rc1 Bxd5 15. exd5 a6 16. 0-0 Qd7 17. Bb6 Qa4 18. b3 Qa3 19. Rc2 Nd7 20. Be3 Rb8 21. Rb1 Rfc8 22. b4 b5 23. c5 dxc5 24. bxc5 Nxc5 25. Rxc5 Rxc5 26. Rb3 Bc3 27. Rxa3 Bxd2 28. Bxc5 Rd8 29. Bxe7 Rxd5 30. Rd3 Re5 31. Bf6 Be3+ 32. Kf1 Re8 33. Rd8 Kf8 34. Rxe8+ Kxe8 35. Bd3 Bf4 36. g3 Bc7 37. Kf2 Bb6+ 38. Ke2 Kd7 39. Be4 Ke6 40. Bg5 f5 41. Bb7 a5 42. Be3 Bc7 43. Ba6 b4 44. Bc4+ Kd6 45. Bf4+ Kc5 46. Bxc7 Kxc4 47. Bxa5 b3 48. axb3+ Kxb3 49. Kd3 Ka4 50. Bd2 Kb5 51. Kd4 Kc6 52. Ke5 Kd7 53. Kf6 Ke8 54. Kg7 h5 55. Kxg6 Kf8 56. Kxf5 h4 57. gxh4 Kg8 58. Kg6 Kh8 59. h5 Kg8 60. h6 Kh8 61. Bc3+ Kg8 62. h7+ Kf8 63. h8Q+ Ke7 64. Qe5+ Kd7 65. Kf6 Kd8 66. Qe7+ Kc8 67. Ke6 Kb8 68. Kd6 Ka8 69. Kc6 Kb8 70. Qb7# 1-0

[Event "FISU World University"]
[Site "Tornelo INT"]
[Date "2020.10.26"]
[Round "1.25"]
[White "Chaves Williams, Jose Andres"]
[Black "Morante Rafael, Aritz"]
[Result "0-1"]
[WhiteElo "1540"]
[BlackElo "2161"]
[PlyCount "116"]
[EventDate "2020.10.26"]
[EventType "team-swiss (rapid)"]
[EventRounds "9"]
[EventCountry "NET"]
[SourceTitle "CBM 199 Extra"]
[Source "ChessBase"]
[SourceDate "2021.01.31"]
[SourceVersion "1"]
[SourceVersionDate "2021.01.31"]
[SourceQuality "1"]
[WhiteTeam "Costa Rica II"]
[BlackTeam "Spain III"]
[WhiteTeamCountry "CRI"]
[BlackTeamCountry "ESP"]

1. d4 Nf6 2. c4 c5 3. e3 g6 4. Nc3 Bg7 5. Nf3 cxd4 6. exd4 d5 7. Qb3 dxc4 8. Bxc4 0-0 9. 0-0 Nc6 10. Qd1 Bg4 11. Be2 Nd5 12. Be3 Rc8 13. Rc1 Nxc3 14. bxc3 Na5 15. h3 Be6 16. Qd2 Nc4 17. Bxc4 Bxc4 18. Rfd1 Qd5 19. a3 Rc7 20. Qb2 Rfc8 21. Bd2 Be2 22. Nh2 Bxd1 23. Rxd1 b5 24. Nf3 Rc4 25. Re1 e6 26. Ne5 R4c7 27. Rc1 Bxe5 28. dxe5 Qxe5 29. Re1 Qd5 30. Bf4 Rc4 31. Be5 Re4 32. Rxe4 Qxe4 33. Qxb5 Qd5 34. Qe2 a5 35. f4 a4 36. Qa6 Qc6 37. Qa7 Qc5+ 38. Qxc5 Rxc5 39. Kf2 Rb5 40. Bd6 Rb2+ 41. Kf3 Rc2 42. Bb4 f6 43. g4 Kf7 44. Ba5 e5 45. fxe5 fxe5 46. Bb4 Ke6 47. h4 h5 48. g5 Kf5 49. Ba5 Rd2 50. Bb4 e4+ 51. Ke3 Rd3+ 52. Ke2 Ke5 53. c4 Kd4 54. c5 Kd5 55. Kf2 Rh3 56. Ke2 Rxh4 57. Ke3 Rh3+ 58. Kf4 Rf3# 0-1

[Event "Vienna op"]
[Site "Vienna"]
[Date "2019.08.17"]
[Round "1"]
[White "Janik, Igor"]
[Black "Morante Rafael, Aritz"]
[Result "1-0"]
[WhiteElo "2483"]
[BlackElo "2144"]
[PlyCount "85"]
[EventDate "2019.08.17"]
[EventType "swiss"]
[EventRounds "9"]
[EventCountry "AUT"]
[SourceTitle "EXT 2020"]
[Source "ChessBase"]
[SourceDate "2019.10.17"]
[SourceVersion "1"]
[SourceVersionDate "2019.10.17"]
[SourceQuality "1"]

1. d4 Nf6 2. c4 c5 3. d5 b5 4. cxb5 a6 5. e3 g6 6. Nc3 Bg7 7. Nf3 0-0 8. a4 Bb7 9. Ra3 e6 10. dxe6 fxe6 11. Be2 d5 12. 0-0 axb5 13. Nxb5 Ne4 14. Nd2 Nd6 15. b3 Nxb5 16. Bxb5 Qg5 17. Qc2 Na6 18. f4 Qe7 19. Nf3 e5 20. fxe5 Bxe5 21. Qe2 Nb4 22. Bd2 Bb2 23. Bxb4 cxb4 24. Ra2 Bc3 25. Qd3 Rf6 26. a5 Raf8 27. a6 Ba8 28. Raf2 Re6 29. Re2 Ref6 30. Rff2 Kg7 31. h3 h6 32. Nd4 Rxf2 33. Rxf2 Rxf2 34. Kxf2 Qh4+ 35. Kg1 Qe1+ 36. Kh2 Qd2 37. Qxd2 Bxd2 38. Ne6+ Kf6 39. Nc7 Bxe3 40. Nxa8 Ke7 41. Nc7 Kd6 42. Ne8+ Ke7 43. Kg3 1-0